Так крошится печенье: романы

Bibliografiset tiedot
Päätekijä: Чейз Дж. Х. Джеймс Хедли
Yhteenveto:Дэвид Кэлвин замышляет ограбление банка, где сам работает («Лучше остаться бедным»). Тики Эдрис, карлик-официант, ненавидит всех и задумывает идеальное преступление («Так крошится печенье»). На старости лет Серж Майски решает разорить казино («Прекрасно, милая»). Героям Дж. Х. Чейза, короля мирового детектива, приходится порой совершать невозможное, чтобы утвердиться в жизни.
Kieli:venäjä
Julkaistu: Москва, Центрполиграф, 2003
Sarja:Классика детектива
Aiheet:
Aineistotyyppi: MixedMaterials Kirja
KOHA link:https://koha.lib.tpu.ru/cgi-bin/koha/opac-detail.pl?biblionumber=63945

MARC

LEADER 00000nam0a2200000 4500
001 63945
005 20231031065138.0
010 |a 5952400213 
035 |a (RuTPU)RU\TPU\book\67850 
090 |a 63945 
100 |a 20040521d2003 m y0rusy50 ca 
101 1 |a rus  |c eng 
102 |a RU 
105 |a y z 000ay 
200 1 |a Так крошится печенье  |e романы  |f Дж. Х. Чейз 
210 |a Москва  |c Центрполиграф  |d 2003 
215 |a 526 с. 
225 1 |a Классика детектива 
330 |a Дэвид Кэлвин замышляет ограбление банка, где сам работает («Лучше остаться бедным»). Тики Эдрис, карлик-официант, ненавидит всех и задумывает идеальное преступление («Так крошится печенье»). На старости лет Серж Майски решает разорить казино («Прекрасно, милая»). Героям Дж. Х. Чейза, короля мирового детектива, приходится порой совершать невозможное, чтобы утвердиться в жизни. 
610 1 |a английская литература 
610 1 |a романы 
610 1 |a детективы 
675 |a 82  |v 3 
700 1 |a Чейз  |b Дж. Х.  |g Джеймс Хедли 
801 1 |a RU  |b 63413507  |c 20040521  |g PSBO 
801 2 |a RU  |b 63413507  |c 20060331  |g PSBO 
942 |c BK